|
|
|
|
| LEADER |
00853nam a22001937a 4500 |
| 003 |
GR-PaULI |
| 007 |
ta |
| 008 |
190902s1960 ne o|||f |||| 00| 0 eng d |
| 952 |
|
|
|0 0
|1 0
|2 lcc
|4 0
|6 HA0001
|7 1
|9 234694
|a MEDI
|b MEDI
|c DON
|d 2019-09-02
|i 1395
|l 0
|o HA1
|p 025000175566
|r 2019-09-02 00:00:00
|t 1
|v 2019.00
|w 2019-09-02
|y BKN
|z Δωρεά Β. Βαλαώρα (αίθουσα δωρεών)
|
| 999 |
|
|
|c 142288
|d 142288
|
| 040 |
|
|
|a GR-PaULI
|b gre
|c GR-PaULI
|e AACR2
|
| 060 |
|
|
|a HA1
|
| 100 |
1 |
|
|9 177622
|a Nixon, J. W. (James William)
|e συγγραφέας
|
| 245 |
1 |
2 |
|a A history of the International Statistical Institute :
|b 1885-1960 /
|c by J. W. Nixon.
|
| 260 |
|
|
|a The Hague :
|b International Statistical Institute,
|c 1960.
|
| 300 |
|
|
|a viii, 188 σ. :
|b φωτ. ;
|c 24 εκ.
|
| 610 |
|
0 |
|9 177626
|a International Statistical Institute
|
| 942 |
|
|
|2 lcc
|c BKN
|
| 998 |
|
|
|c ΜΑΝΙΑΚΗ
|d 2019
|